[Event "FRA-chT1A 1112"]
[Site "France"]
[Date "2012.01.14"]
[Round "6.1"]
[White "Lubczynski, Rafal"]
[Black "Velikov, Petar"]
[Result "1/2-1/2"]
[WhiteElo "2415"]
[BlackElo "2417"]
[PlyCount "116"]
[EventDate "2011.10.16"]
[EventType "team-tourn"]
[EventRounds "11"]
[EventCountry "FRA"]
[SourceTitle "EXT 2013"]
[Source "ChessBase"]
[SourceDate "2012.11.22"]
[SourceVersion "1"]
[SourceVersionDate "2012.11.22"]
[SourceQuality "1"]
[WhiteTeam "Sautron"]
[BlackTeam "Migne Auxences"]
[WhiteTeamCountry "FRA"]
[BlackTeamCountry "FRA"]

1. d4 d5 2. c4 dxc4 3. Nc3 a6 4. a4 Nc6 5. Nf3 Nf6 6. e4 Bg4 7. Be3 e5 8. d5 Na5 9. h3 Bxf3 10. Qxf3 Bd6 11. Qg3 0-0 12. Bg5 Bb4 13. Bh6 Ne8 14. Rd1 Qd6 15. Bd2 Nf6 16. Be2 Nb3 17. Bh6 Nh5 18. Bxh5 Qxh6 19. Be2 Nc5 20. 0-0 Qd6 21. Bxc4 Bxc3 22. Qxc3 Nxe4 23. Qc2 Nf6 24. Qb3 Rab8 25. Rfe1 Rfe8 26. Qc3 e4 27. b4 Re5 28. Bb3 h5 29. Qc4 Rbe8 30. Re3 g6 31. Rd4 Rd8 32. b5 axb5 33. axb5 Ra8 34. Rd1 h4 35. Rc1 Re7 36. Qd4 Ra3 37. Qb2 Ra5 38. Bc4 Qe5 39. Qb4 Ra1 40. Rxa1 Qxa1+ 41. Re1 Qe5 42. b6 cxb6 43. Qxb6 Ne8 44. Bb3 Nd6 45. Bc2 Re8 46. Qb4 Rc8 47. Bxe4 Rc4 48. Bf3 Rxb4 49. Rxe5 Kf8 50. Kf1 b5 51. Ke1 Nc4 52. Re4 Rb1+ 53. Ke2 g5 54. Kd3 Rc1 55. Ke2 b4 56. d6 Nxd6 57. Rxb4 Rc3 58. Rd4 Nb5 1/2-1/2